000 01002cam a2200265 a 4500
001 13813059
005 20130325155734.0
008 041213s2006 nyua b 001 0 eng
020 _a019515097X
020 _a9780195150971
040 _aDLC
_cDLC
_dYDX
_dBAKER
_dIXA
_dDLC
082 0 0 _a620.1183
_222
_bDAN
100 1 _aDaniel, Isaac M.
_929453
245 1 0 _aEngineering Mechanics of Composite Materials /
_cIsaac M. Daniel, Ori Ishai.
250 _a2nd ed.
260 _aNew York :
_bOxford University Press,
_c2006.
300 _axviii, 411 p. :
_bill. ;
_c25 cm.
504 _aIncludes bibliographical references and indexes.
650 0 _aComposite materials
_xMechanical properties.
_929454
650 0 _aComposite materials
_xTesting.
_929455
653 _bMec
_cMarch2012
_cMarch2013
700 1 _aIshai, Ori.
_929456
942 _2ddc
_cBB
999 _c16603
_d16603